书目信息 |
| 题名: |
全球失衡与布雷顿森林的教训
|
|
| 作者: | 易臣格瑞 著 ;张群群 译 | |
| 分册: | ||
| 出版信息: | 大连 东北财经大学出版社 2013 |
|
| 页数: | 182页 | |
| 开本: | 24cm | |
| 丛书名: | 金融瞭望译丛 | |
| 单 册: | ||
| 中图分类: | F821.1 | |
| 科图分类: | ||
| 主题词: | 国际货币体系--研究 , 国际货币体系 | |
| 电子资源: | ||
| ISBN: | 978-7-5654-1321-6 | |
| 000 | 01603oam2 2200313 450 | |
| 001 | 523 | |
| 005 | 20140909101740.40 | |
| 010 | @a978-7-5654-1321-6@dCNY39.00 | |
| 100 | @a20140422d2013 em y0chiy50 ea | |
| 101 | 1 | @achi@ceng |
| 102 | @aCN@b210000 | |
| 105 | @ay z 001yy | |
| 106 | @ar | |
| 200 | 1 | @a全球失衡与布雷顿森林的教训@AQuan Qiu Shi Heng Yu Bu Lei Dun Sen Lin De Jiao Xun@dGlobal imbalances and the lessons of Bretton Woods@f(美)巴里·艾肯格林(Barry Eichengreen)著@F( Mei ) Ba Li· Ai Ken Ge Lin (Barry Eichengreen) Zhu@g张群群译@zeng |
| 210 | @a大连@c东北财经大学出版社@d2013 | |
| 215 | @a182页@d24cm | |
| 225 | 2 | @a金融瞭望译丛 |
| 300 | @a当代财经管理名著译库 “十二五”国家重点图书出版规划项目 国家出版基金资助项目 | |
| 305 | @a由MIT出版社授权出版 | |
| 330 | @a本书第1章引导读者穿越有关布雷顿森林的历史;第2章接着描述了在该体系的管理方面进行合作的种种国际努力——类似于近年来二十国集团为巩固和改革国际货币与金融体系所付出的努力;第3章解释了在那个时代最重要的高增长经济体,即日本,如何从钉住货币的固定汇率转变为浮动汇率,指出了现在的中国应当从中吸取的教训;第4章最后探寻持续不断地进行着的这种过渡对于国际储备体系将意味着什么,以及人民币是否很快就会挑战美元作为国际货币和储备货币的地位。 | |
| 461 | 0 | @12001 @a金融瞭望译丛 |
| 510 | 1 | @aGlobal imbalances and the lessons of Bretton Woods@zeng |
| 606 | 0 | @a国际货币体系@x研究 |
| 606 | 0 | @a国际货币体系 |
| 690 | @aF821.1@v5 | |
| 701 | 0 | @c(美)@a易臣格瑞@AYi Chen Ge Rui@c(Eichengreen, Barry)@4著 |
| 702 | 0 | @a张群群@AZhang Qun Qun@c(编辑)@4译 |
| 801 | 0 | @aCN@bTANGWEI@c20140603 |
| 905 | @b0840665-67@dF821.1@e68@f3 | |
| 全球失衡与布雷顿森林的教训=Global imbalances and the lessons of Bretton Woods/(美)巴里·艾肯格林(Barry Eichengreen)著/张群群译.-大连:东北财经大学出版社,2013 |
| 182页;24cm.-(金融瞭望译丛) |
| 当代财经管理名著译库 “十二五”国家重点图书出版规划项目 国家出版基金资助项目 |
| ISBN 978-7-5654-1321-6:CNY39.00 |
| 本书第1章引导读者穿越有关布雷顿森林的历史;第2章接着描述了在该体系的管理方面进行合作的种种国际努力——类似于近年来二十国集团为巩固和改革国际货币与金融体系所付出的努力;第3章解释了在那个时代最重要的高增长经济体,即日本,如何从钉住货币的固定汇率转变为浮动汇率,指出了现在的中国应当从中吸取的教训;第4章最后探寻持续不断地进行着的这种过渡对于国际储备体系将意味着什么,以及人民币是否很快就会挑战美元作为国际货币和储备货币的地位。 |
| ● |
| 相关链接 |
|
|
|
|
正题名:全球失衡与布雷顿森林的教训
索取号:F821.1/68
 
预约/预借
| 序号 | 登录号 | 条形码 | 馆藏地/架位号 | 状态 | 备注 |
| 1 | 0840665 | 208406651 | 第一样本阅览室/ [索取号:F821.1/68] | 在馆 | |
| 2 | 0840666 | 208406660 | 第一借阅区/ [索取号:F821.1/68] | 在馆 | |
| 3 | 0840667 | 208406679 | 密集书库-海洋学院/ [索取号:F821.1/68] | 在馆 |